000 01912nam a22005177a 4500
003 OSt
005 20230322130112.0
008 221006b |||||||| |||| 00| 0 eng d
040 _cBiblioteca Lado V
082 _a701.1
_bS744a
100 _9795
_aSrendni de Birbragher, Celia
_eeditora
_edirectora
245 _aArtNexus/
_bEl nexo entre America Latina y el resto del mundo/
260 _bAsociación de Revistas Culturales
_c1998
_aU.S.A.
_aColombia
300 _c21x28cm
_a152p.
366 _eesp
490 _a29
_aJulio - Septiembre
_v1998
_x0121 5639
505 _tMuseo de Arte Contemporáneo Mario Abreu
505 _tMuseo Virtual de arte El Pais: MUVA
505 _tNoticias
505 _tEntrevista Arnaldo Roche Rabell
505 _tRodrigo Facundo
505 _tEnio Iommi
505 _tIslas Infinitas Arte, globalización y cultura II
505 _tCecilia Vicuña
505 _tEntrevista Sebastiao Salgado
505 _tLa latinoamericanizacion de los Estados Unidos
505 _tNuevas visiones en el arte del Peru
505 _tArt Chicago
505 _tBeatriz Gonzalez
505 _tMona Hatoum
505 _tPrimer plano: Doris Salcedo
505 _tCronica colectiva
505 _tCronicas
505 _tLibros y Catalogos
505 _tGuía de Galerías y Museos
650 _2Tesauro de Arte & Arquitectura
_aARTE
_9703
650 _2Tesauro de Arte & Arquitectura
_aEXPOSICIONES
650 _2Tesauro de Arte & Arquitectura
_aBIENAL
650 _2Tesauro de Arte & Arquitectura
_aAPRECIACION
650 _2Tesauro de Arte & Arquitectura
_aTEORIA
650 _2Tesauro de Arte & Arquitectura
_aCRITICA
650 _2Tesauro de Arte & Arquitectura
_aFOTOGRAFIA
_9702
650 _2Tesauro de Arte & Arquitectura
_aLITERATURA
651 _2Tesauro de Arte & Arquitectura
_aCOLOMBIA
942 _2ddc
_c1
_h701.1
_iS744a
_n0
999 _c3262
_d3262